000 01183nam a22002417a 4500
003 OSt
005 20190104065947.0
008 180313b xxu||||| |||| 00| 0 spa d
020 _a8425909384
040 _cPJ
100 _aPozo, Joan Manuel del
_9391
245 _aCiceron: conocimiento y política /
_cJoan Manuel del Pozo.
260 _aMadrid :
_bCentro de Estudios Constitucionales,
_c1993.
300 _a197 p.
_c21 cm.
490 _aEl derecho y la Justicia
_v33
500 _aCitas y notas bibliográficas a pie de página.
504 _aBibliografía: p. 189-197.
505 _aContenido Introducción -- Filosofía, etimología, política: afirmación de la unidad del conocimiento -- Los postulados: la razón limitada y la res publica tradicional -- Los objetivo ideales: la verdad y la justicia -- Lo criterios posibles: la probabilidad y la concordancia -- Los sujetos privilegiados: El sabio neoacadémico y los príncipes -- Coherencia global de la filosofía política de Cicerón.
600 0 _9392
_aCICERON, MARCO TULIO, 106 A.C.-43 A.C.
650 0 _aFILOSOFIA
_9393
650 0 _aCIENCIAS POLITICAS
_9348
942 _2udc
_cLIB
_h101:32
_iPOZ
999 _c343
_d343